| 000 | 00533cam a2200181 i 4500 | ||
|---|---|---|---|
| 020 | _a0839113056 | ||
| 040 | _cDLC | ||
| 082 | _a574 UNI 1978 A059 Or. | ||
| 100 | 1 | 0 | _aJeffers, J. N. R. |
| 245 | 1 | 3 | _aAn introduction to systems analysis, with ecological applications / |
| 260 | 0 |
_aBaltimore : _bUniversity Park Press, _c[1978] |
|
| 300 |
_ax, 198 p. : _bill. ; _c22 cm |
||
| 490 | 0 | _aA series of student texts in contemporary biology | |
| 500 | _aIncludes index | ||
| 650 | 0 | _aEcology | |
| 650 | 0 | _aSystem analysis | |
| 942 | _cEK | ||
| 999 |
_c14617 _d14617 |
||